| 000 | 00728nam a2200205Ia 4500 | ||
|---|---|---|---|
| 003 | GCL | ||
| 008 | 140319s9999 xx 000 0 ara d | ||
| 020 | _a6542305977 | ||
| 040 |
_aGCL / _cGCL |
||
| 082 | 0 | 4 |
_a808.82 _bس ب |
| 100 | 1 | _aسكوارتزينا، لويجى | |
| 245 | 1 | 0 |
_aبيرانديللو على خشبةالمسرح / _cسكوارتزينا، لويجى |
| 260 |
_aالقاهرة : _bوزارة الثقافة - مهرجان القاهرة الدولى للمسرح التجريبى ، _c2003 |
||
| 300 |
_a263 ص ؛ _c24 سم |
||
| 490 | _a | ||
| 650 | 0 | 4 | _aالمسرحيات |
| 650 | 0 | 4 | _aالمسرحيات - مجموعات |
| 650 | 0 | 4 | _aبيرانديللو - المسرحيات |
| 942 |
_2ddc _cBK |
||
| 999 |
_c32786 _d32786 |
||